=LDR 00000nam 2200000 4500 =001 INLIS000000000015080 =005 20130612110349 =008 ***********************************Ind** =035 ##$$0010-061300000015080 =041 ##$$a Ind =082 ##$$a 636.089 =090 ##$$a 636.089, TIZ-p =100 ##$$a Tizard, Yan =245 ##$$a Penguamilan Imumologi Veteriner, Yan Tizard, Soehardko Hardjosworo (Penerjemah) =260 ##$$a 23 cm $b Yogyakarta =300 ##$$a 497 hlm, Ilus, 22 cm =650 ##$$a Kedokteran Hewan =700 ##$$a Hardjosworo, Soehardjo =850 ##$$a NBPNMAT